|
|
|
|
| LEADER |
01800nam a2200493 a 4500 |
| 001 |
000661626 |
| 003 |
CZ BrMZK |
| 005 |
20200602091410.0 |
| 007 |
ta |
| 008 |
030314s2003 xr e 000 0 cze d |
| 015 |
|
|
|a cnb001242289
|
| 020 |
|
|
|a 80-86228-50-9
|q (brož.)
|
| 040 |
|
|
|a BOA001
|b cze
|
| 041 |
1 |
|
|a cze
|h eng
|
| 043 |
|
|
|a n-us---
|
| 072 |
|
7 |
|a 32
|x Politika
|2 Konspekt
|9 15
|
| 080 |
|
|
|a 329.11
|2 MRF
|
| 080 |
|
|
|a 327
|2 MRF
|
| 080 |
|
|
|a 316.75:32
|2 MRF
|
| 080 |
|
|
|a 327.5
|2 MRF
|
| 080 |
|
|
|a 328/329
|2 MRF
|
| 080 |
|
|
|a (73)
|2 MRF
|
| 080 |
|
|
|a (046)
|2 MRF
|
| 245 |
0 |
0 |
|a Ne exportu demokracie /
|c [šéfredaktor Jaromír Žegklitz ; z anglických originálů přeložil Jaromír Žegklitz]
|
| 260 |
|
|
|a Praha :
|b Občanský institut,
|c 2003
|
| 300 |
|
|
|a 15 s. ;
|c 21 cm
|
| 490 |
1 |
|
|a Bulletin OI ;
|v č. 138
|
| 500 |
|
|
|a Překlad z angličtiny
|
| 500 |
|
|
|a Nad názvem: Občanský institut
|
| 500 |
|
|
|a Dostupné též v digitální podobě v aplikaci Kramerius
|
| 650 |
0 |
7 |
|a velmoci
|7 ph127017
|2 czenas
|
| 650 |
0 |
7 |
|a konzervatismus
|7 ph121828
|2 czenas
|
| 650 |
0 |
7 |
|a zahraniční politika
|7 ph127522
|2 czenas
|
| 650 |
0 |
7 |
|a politické ideologie
|7 ph124244
|2 czenas
|
| 651 |
|
7 |
|a Spojené státy americké
|7 ge128584
|x politika a vláda
|2 czenas
|
| 655 |
|
7 |
|a články
|7 fd133976
|2 czenas
|
| 700 |
1 |
|
|a Žegklitz, Jaromír,
|d 1959-
|7 jn20020717322
|4 aut
|
| 765 |
0 |
|
|t Democracy worshipers
|9 Česky
|
| 765 |
0 |
|
|t Prospects for conservatives
|9 Česky
|
| 810 |
2 |
|
|a Občanský institut.
|t Bulletin
|0 s
|
| 856 |
4 |
1 |
|u http://www.digitalniknihovna.cz/mzk/uuid/uuid:d89d3fa0-a4c8-11ea-b0db-005056827e52
|y Digitalizovaný dokument
|x NDK
|
| 910 |
|
|
|a BOA001
|b 2-1114.695
|
| 990 |
|
|
|a BK
|
| 996 |
6 |
|
|b 2610184268
|c 2-1114.695
|l MZK
|r Sklad / do 1 hodiny
|n 3
|p p.v.
|w 000661626
|u 000010
|a 1
|e BOA001
|j MZK50
|s P
|